[Event "Budapest FS04 FM"]
[Site "Budapest"]
[Date "2016.04.11"]
[Round "9"]
[White "Torok, Tamas Titusz"]
[Black "Bensaid, Simon"]
[Result "1-0"]
[WhiteElo "2073"]
[BlackElo "1844"]
[PlyCount "101"]
[EventDate "2016.04.02"]
[EventType "tourn"]
[EventRounds "10"]
[EventCountry "HUN"]
[SourceTitle "CBM 171 Extra"]
[Source "ChessBase"]
[SourceDate "2016.04.26"]
[SourceVersion "1"]
[SourceVersionDate "2016.04.26"]
[SourceQuality "1"]

1. b3 d5 2. Bb2 Bg4 3. f3 Bf5 4. g4 e6 5. Be5 Nc6 6. Bg3 Bg6 7. e3 d4 8. e4 h5 9. gxh5 Bxh5 10. Be2 Bg6 11. Bb5 Nge7 12. a3 a6 13. Bd3 Qd7 14. f4 Bh5 15. Be2 Bxe2 16. Qxe2 0-0-0 17. d3 Ng8 18. Nd2 f5 19. e5 Nh6 20. Nf1 g5 21. fxg5 Nf7 22. Nf3 Qd5 23. Rg1 Bg7 24. 0-0-0 Qa5 25. Kb2 Nfxe5 26. Nxe5 Bxe5 27. Be1 Qd5 28. h4 Ne7 29. h5 f4 30. Nd2 Nf5 31. Ne4 Ne3 32. Rc1 Rdf8 33. Qf3 Rfg8 34. Bf2 c5 35. Rh1 b5 36. Rcg1 a5 37. g6 a4 38. Ng5 Qxf3 39. Nxf3 Bf6 40. Nd2 Nf5 41. bxa4 bxa4 42. Ka2 Kd7 43. Nc4 Rh6 44. Rb1 Kc7 45. Rb5 Rb8 46. Rxc5+ Kd7 47. Ra5 Ne3 48. Ne5+ Bxe5 49. Rxe5 Nxc2 50. Ra5 Rbh8 51. Bh4 1-0

[Event "Budapest FS04 FM"]
[Site "Budapest"]
[Date "2016.04.08"]
[Round "6"]
[White "Zvereva, Margarita"]
[Black "Bensaid, Simon"]
[Result "1-0"]
[WhiteElo "1768"]
[BlackElo "1844"]
[PlyCount "55"]
[EventDate "2016.04.02"]
[EventType "tourn"]
[EventRounds "10"]
[EventCountry "HUN"]
[SourceTitle "CBM 171 Extra"]
[Source "ChessBase"]
[SourceDate "2016.04.26"]
[SourceVersion "1"]
[SourceVersionDate "2016.04.26"]
[SourceQuality "1"]

1. e4 d6 2. d4 Nf6 3. Nc3 g6 4. Be3 Bg7 5. f3 c6 6. Qd2 b5 7. g4 Qc7 8. 0-0-0 Nbd7 9. h4 h5 10. g5 Ng8 11. f4 Bb7 12. Nge2 0-0-0 13. Ng3 a6 14. f5 c5 15. fxg6 fxg6 16. d5 Ne5 17. Bf4 Qa5 18. Kb1 b4 19. Bxe5 Bxe5 20. Nce2 c4 21. Qe3 Kb8 22. Nf4 c3 23. Nxg6 b3 24. cxb3 c2+ 25. Kxc2 Qxa2 26. Nxe5 dxe5 27. Qb6 Rc8+ 28. Bc4 1-0

[Event "Budapest FS04 FM"]
[Site "Budapest"]
[Date "2016.04.06"]
[Round "4"]
[White "Bensaid, Simon"]
[Black "Torok, Tamas Titusz"]
[Result "0-1"]
[WhiteElo "1844"]
[BlackElo "2073"]
[PlyCount "60"]
[EventDate "2016.04.02"]
[EventType "tourn"]
[EventRounds "10"]
[EventCountry "HUN"]
[SourceTitle "CBM 171 Extra"]
[Source "ChessBase"]
[SourceDate "2016.04.26"]
[SourceVersion "1"]
[SourceVersionDate "2016.04.26"]
[SourceQuality "1"]

1. e4 e5 2. Nf3 Nc6 3. d4 exd4 4. Bc4 Nf6 5. e5 d5 6. exf6 dxc4 7. Qe2+ Be6 8. fxg7 Bxg7 9. 0-0 Qd5 10. c3 0-0-0 11. cxd4 Bxd4 12. Na3 Bf5 13. Qxc4 Qxc4 14. Nxc4 Bd3 15. Ne3 Bxf1 16. Nxf1 Bf6 17. Bg5 Bxg5 18. Nxg5 Rd7 19. Ne4 f5 20. Neg3 f4 21. Ne4 Rhd8 22. f3 Rd1 23. Rxd1 Rxd1 24. Ng5 Rb1 25. Nxh7 Rxb2 26. h4 Rxa2 27. Nf6 Ra5 28. g4 fxg3 29. Nxg3 Ne5 30. Kf2 Ra3 0-1